01424nam a22002175i 450000100060000000300090000600500170001500700030003200800410003504000200007610000280009624500450012426000560016930000210022550000780024650506780032465000370100285200230103999900170106295201270107954370ES-MaACL20250815062601.0t|960718m18811904fr ||||1| fre d aCAM bspa cCAM1 aFontane, Marius.95161010aHistoire universelle / cMarius Fontane. aParis : bAlphonse Lemerre : b[s.a.], c1881-1904. a13 v. ; c22 cm. aFalta el vol. 14 ("La Renaissance, de 1250 áa 1516") publicado en 1910.8 aContiene: V. 1. Inde vedique (de 1800 áa 800 av. J.-C.) -- v. 2. Les Iraniens (de 2500 áa 800 av. J.-C.) -- v. 3. Les Egyptes (de 5000 áa 750 av. J.-C.) -- v. 4. Les Asiatiques (de 4000 áa 559 av. J.-C.) -- v. 5. La Grèce (de 1300 áa 480 av. J.-C.) -- v. 6. Athènes (de 480 áa 336 av. J.-C.) -- v. 7. Rome (de 754 áa 63 av. J.-C.) -- v. 8. Le Christianisme (de 67 av. J.-C. áa 117 ap. J.-C.) -- v. 9. Les Barbares (de 117 áa 395 ap. J.-C.) -- v. 10. Mahomet (de 395 áa 632 ap. J.-C.) -- v. 11. La Papauté, Charlemagne (de 632 áa 877 ap. J.-C.) -- v. 12. L'Europe (de 872 áa 1122 ap. J.-C.) -- v. 13. Les Croisades (de 1096 áa 1327 ap. J.-C.) 7aHistoria universal2embne913429 aES-MaACLjD-568-80 c54370d54370 001040708LIBXIXaATENEOMbATENEOMcSVId2008-01-17eSCl0oD-568-80p901057133r2023-02-23 00:00:00w2023-02-23yMONANT